| 000 | 00400pam a2200157a 44500 | ||
|---|---|---|---|
| 008 | 230515b1972 xxu||||| |||| 00| 0 eng d | ||
| 020 | _aNULL | ||
| 041 | _aENGL | ||
| 082 | _a330 APT | ||
| 100 | _a"APTE N.G.," | ||
| 245 | _aMAHARASHTRA RAJY UTPADNANCHI SADHNE | ||
| 250 | _a0 | ||
| 260 |
_aPUNE _bTILAK MAHARASHTRA VIDYAPEETH _c1972 |
||
| 300 | _aNULL | ||
| 650 | _a"ECONOMICS,ECONOMIC RESOURCES" | ||
| 999 |
_c538919 _d538919 |
||